000 00509cam a22001457a 4500
008 180718b1997 xxu||||| |||| 00| 0 eng d
082 _aLx5442 F
100 _aMaharashtra. Finance Commission
245 _aReport of the First Maharashtra Finance Commission, 1997
_cby State Finance Commission, Maharashtra
260 _aMumbai
_bThe Commission
_c1997
300 _a253+p.
500 _aChairman: Makarand K. Herwadkar
650 _aFinance - India - Maharashtra
700 _aHerwadkar, Makarand K. (Chairman)
999 _c490816
_d490816